Pakistan Journal of Criminology (Registro nro. 161935)
[ vista simple ]
| 000 -LEADER | |
|---|---|
| fixed length control field | 00623nam a22002057a 4500 |
| 007 - PHYSICAL DESCRIPTION FIXED FIELD--GENERAL INFORMATION | |
| fixed length control field | cr|||| |||| |
| 008 - FIXED-LENGTH DATA ELEMENTS--GENERAL INFORMATION | |
| fixed length control field | 130118c20119999pk zn|p s|||| 0|||a1eng d |
| 035 ## - | |
| -- | 6893 |
| 040 ## - CATALOGING SOURCE | |
| Original cataloging agency | vLex |
| 090 ## - | |
| -- | 3546 |
| -- | 3546 |
| 245 00 - TITLE STATEMENT | |
| Title | Pakistan Journal of Criminology |
| Medium | [Recurso electrónico] |
| 256 ## - | |
| -- | Servicio en línea |
| 260 ## - PUBLICATION, DISTRIBUTION, ETC. (IMPRINT) | |
| Place of publication, distribution, etc | Karachi : |
| Name of publisher, distributor, etc | AsiaNet Pakistan (Pvt) Ltd. |
| Date of publication, distribution, etc | 2011 |
| 300 ## - PHYSICAL DESCRIPTION | |
| Extent | 1 Recurso electrónico |
| 650 04 - SUBJECT ADDED ENTRY--TOPICAL TERM | |
| Topical term or geographic name as entry element | Criminología |
| Geographic subdivision | Pakistán |
| 740 ## - | |
| -- | vLex Revistas (Servicio en línea) |
| 856 ## - LOCALIZACIÓN Y ACCESO ELECTRÓNICO | |
| Host name | Acceso restringido |
| Identificador Uniforme del Recurso (URI/URL) | http://www.vlex.com/source/6893 |
| 942 ## - | |
| -- | RAA |
| 999 ## - | |
| -- | 161935 |
| -- | 161935 |
No hay ítems disponibles.